000 00606nam a2200181Ia 4500
003 IN-BaIIA
008 211028s9999 xx 000 0 eng d
020 _a981-02-4006-6
040 _cIIA Library
080 _a53(081)
_bQUA
245 2 _aA quantum legacy
_bseminal papers of Julian Schwinger
_cedited by Kimball A. Milton
260 _aSingapore
_bWorld Scientific
_c2000
300 _axiv, 793p.
490 _aWorld scientific series in 20th century physics; vol. 26
650 _aTheoretical physics
_91581
700 _aMilton, Kimball A., ed.
_924081
942 _cBK
999 _c13707
_d13707